Oxford Advanced Learner's Dictionary of Current English

Enregistré dans:
Détails bibliographiques
Auteur principal: Hornby, A.S (Auteur)
Autres auteurs: Crowther, Jonathan (Compilateur)
Format: Livre
Langue:anglais
Publié: Oxford : Oxford University Press, 1998
Édition:5th Edition
Tags: Ajouter un tag
Pas de tags, Soyez le premier à ajouter un tag!

MARC

LEADER 00000nam a22000003a 4500
001 stu52235
005 20150617225706.4
008 000224s1998----uk------------------eng-d
020 |a 0-19-431499-5 
040 |a STU  |b slo 
041 0 |a eng 
044 |a uk 
080 |a 802.0 
100 1 |a Hornby, A.S.  |4 aut 
245 1 |a Oxford Advanced Learner's Dictionary of Current English 
250 |a 5th Edition 
260 |a Oxford :  |b Oxford University Press,  |c 1998 
300 |a 1428 s 
700 1 |a Crowther, Jonathan  |4 com 
996 |b C96169  |c C*96169  |l CCXVIII  |s P  |a 0  |w stu52235_0001